NHL-varaukset: 1. kierrosten suomalaiset - Statistics

Yleistilastot
  • Tätä visaa on pelattu 469 kertaa
    348 viimeisimmän päivityksen jälkeen
  • Keskiarvotulos 28 / 50
Vastaustilastot
Vuosi Varannut joukkue Nimi-
kirjaimet
Pelaaja Varaus-
numero
Varattu
joukkueesta
% Oikein
2016 Winnipeg Jets PL PatrikLaine 2 Tappara
95%
1988 Winnipeg Jets TS Teemu Selänne 10 Jokerit
93%
2001 Minnesota Wild MK MikkoKoivu 6 TPS
87%
1993 Montreal Canadiens SK SakuKoivu 21 TPS
87%
2013 Florida Panthers AB AleksanderBarkov 2 Tappara
86%
2016 Edmonton Oilers JP JessePuljujärvi 4 Kärpät
86%
2019 New York Rangers KK KaapoKakko 2 TPS
84%
2015 Colorado Avalanche MK MikkoRantanen 10 TPS
82%
2017 Dallas Stars MH MiroHeiskanen 3 HIFK
81%
2010 Minnesota Wild MG MikaelGranlund 9 HIFK
77%
1997 Los Angeles Kings OJ OlliJokinen 3 HIFK
77%
2024 Buffalo Sabres KH KonstaHelenius 14 Jukurit
74%
2006 Tampa Bay Lightning RH RikuHelenius 15 Ilves
74%
2012 Chicago Blackhawks TT TeuvoTeräväinen 18 Jokerit
73%
2020 Florida Panthers AL AntonLundell 12 HIFK
72%
2013 Buffalo Sabres RR RasmusRistolainen 8 TPS
71%
2014 Pittsburgh Penguins KK KasperiKapanen 22 KalPa
69%
2016 Vancouver Canucks OJ OlliJuolevi 5 London Knights
68%
2012 Pittsburgh Penguins OM OlliMäättä 22 London Knights
63%
2018 Montreal Canadiens JK JesperiKotkaniemi 3 Ässät
62%
2022 Winnipeg Jets BL BradLambert 30 Pelicans
58%
2017 Nashville Predators ET EeliTolvanen 30 Sioux City Musketeers
57%
2005 Toronto Maple Leafs TR TuukkaRask 21 Ilves
57%
2017 Boston Bruins UV UrhoVaakanainen 18 JYP
57%
2002 Atlanta Thrashers KL KariLehtonen 2 Jokerit
55%
1995 Los Angeles Kings A-PB Aki-PetteriBerg 3 TPS
54%
2011 Buffalo Sabres JA JoelArmia 16 Ässät
54%
2022 Nashville Predators JK JoakimKemell 17 JYP
53%
2019 Winnipeg Jets VH VilleHeinola 20 Lukko
53%
2024 Dallas Stars EH EmilHemming 29 TPS
52%
2018 Los Angeles Kings RK RasmusKupari 20 Kärpät
52%
2001 Chicago Blackhawks TR TuomoRuutu 9 Jokerit
48%
2017 Chicago Blackhawks HJ HenriJokiharju 29 Portland Winterhawks
44%
2017 Calgary Flames JV JuusoVälimäki 16 Tri-City Americans
43%
2002 New York Islanders SB SeanBergenheim 22 Jokerit
43%
2019 Ottawa Senators LT LassiThomson 19 Kelowna Rockets
40%
2016 Florida Panthers HB HenrikBorgström 23 HIFK jr.
38%
2017 WInnipeg Jets KV KristianVesalainen 24 Frölunda HC
38%
2014 Dallas Stars JH JuliusHonka 14 Swift CurrentBroncos
37%
2002 Philadelphia Flyers JP JoniPitkänen 4 Kärpät
34%
2004 New York Rangers LK LauriKorpikoski 19 TPS
29%
2004 Los Angeles Kings LT LauriTukonen 11 Blues
29%
1995 Washington Capitals ME MiikaElomo 23 Kiekko-67
27%
2002 Boston Bruins HT HannuToivonen 29 HPK
24%
2002 Edmonton Oilers JN JesseNiinimäki 15 Ilves
23%
2004 New York Islanders PN PetteriNokelainen 16 SaiPa
23%
1999 New Jersey Devils AA AriAhonen 27 JYP
21%
1999 Edmonton Oilers JR JaniRita 13 Jokerit
20%
1997 Buffalo Sabres MN Mika Noronen 21 Tappara
18%
1995 San Jose Sharks TR TeemuRiihijärvi 12 K-Espoo
18%
Ehtoja vastaavia visoja ei löytynyt
Tulosjakauma
Jokaisen tuloksen saaneiden osuus
Persentiili vastausten määrän mukaan
Tuloshistoriasi
Et ole pelannut tätä visaa sen viimeisimmän päivityksen jälkeen